<?xml version="1.0" encoding="UTF-8"?>
<record
    xmlns:xsi="http://www.w3.org/2001/XMLSchema-instance"
    xsi:schemaLocation="http://www.loc.gov/MARC21/slim http://www.loc.gov/standards/marcxml/schema/MARC21slim.xsd"
    xmlns="http://www.loc.gov/MARC21/slim">

  <leader>00991nam a2200229Ia 4500</leader>
  <controlfield tag="003">OSt</controlfield>
  <controlfield tag="005">20251205163744.0</controlfield>
  <controlfield tag="008">210719s2019    xx            000 0 und d</controlfield>
  <datafield tag="040" ind1=" " ind2=" ">
    <subfield code="c">AL</subfield>
  </datafield>
  <datafield tag="041" ind1=" " ind2=" ">
    <subfield code="a">Kannada</subfield>
  </datafield>
  <datafield tag="082" ind1=" " ind2=" ">
    <subfield code="a">T894.8 KESP</subfield>
  </datafield>
  <datafield tag="100" ind1=" " ind2=" ">
    <subfield code="a">KESHAVA SHETTI ADURU (K)</subfield>
    <subfield code="d">&#xC95;&#xCC7;&#xCB6;&#xCB5; &#xCB6;&#xCC6;&#xC9F;&#xCCD;&#xC9F;&#xCBF; &#xC86;&#xCA1;&#xCC2;&#xCB0;&#xCC1; (&#xC95;&#xCC6;)</subfield>
    <subfield code="9">248013</subfield>
  </datafield>
  <datafield tag="245" ind1=" " ind2=" ">
    <subfield code="a">Puratana tulunadina janangagala hinnele mattu sambandhagalu </subfield>
    <subfield code="b">&#xCAA;&#xCC1;&#xCB0;&#xCBE;&#xCA4;&#xCA8; &#xCA4;&#xCC1;&#xCB3;&#xCC1;&#xCA8;&#xCBE;&#xCA1;&#xCBF;&#xCA8; &#xC9C;&#xCA8;&#xCBE;&#xC82;&#xC97;&#xC97;&#xCB3; &#xCB9;&#xCBF;&#xCA8;&#xCCD;&#xCA8;&#xCC6;&#xCB2;&#xCC6;  &#xCAE;&#xCA4;&#xCCD;&#xCA4;&#xCC6; &#xCB8;&#xC82;&#xCAC;&#xC82;&#xCA7;&#xC97;&#xCB3;&#xCC1;</subfield>
  </datafield>
  <datafield tag="260" ind1=" " ind2=" ">
    <subfield code="a">Kasaragodu</subfield>
    <subfield code="b">Kairali Prakashana</subfield>
    <subfield code="c">2019</subfield>
  </datafield>
  <datafield tag="300" ind1=" " ind2=" ">
    <subfield code="a">99</subfield>
    <subfield code="b">PB</subfield>
  </datafield>
  <datafield tag="365" ind1=" " ind2=" ">
    <subfield code="b">150</subfield>
    <subfield code="c">Rs</subfield>
  </datafield>
  <datafield tag="650" ind1=" " ind2=" ">
    <subfield code="a">Kannada literature</subfield>
    <subfield code="9">248014</subfield>
  </datafield>
  <datafield tag="650" ind1=" " ind2=" ">
    <subfield code="a">&#xCB8;&#xC82;&#xCB6;&#xCCB;&#xCA7;&#xCA8;&#xCBE;&#xCA4;&#xCCD;&#xCAE;&#xC95; &#xC85;&#xCA7;&#xCCD;&#xCAF;&#xCAF;&#xCA8;  Samshodhanatmaka adhyayana</subfield>
    <subfield code="9">248015</subfield>
  </datafield>
  <datafield tag="650" ind1=" " ind2=" ">
    <subfield code="a">Kannada Miscellaneous</subfield>
    <subfield code="9">248016</subfield>
  </datafield>
  <datafield tag="906" ind1=" " ind2=" ">
    <subfield code="a">2 ; adhyayana ; Ed ; hinnele ; janangagala ; mattu ; Puratana ; sambandhagalu ; Samshodhanatmaka ; tulunadina</subfield>
  </datafield>
  <datafield tag="942" ind1=" " ind2=" ">
    <subfield code="2">ddc</subfield>
    <subfield code="c">BK</subfield>
  </datafield>
  <datafield tag="999" ind1=" " ind2=" ">
    <subfield code="c">211861</subfield>
    <subfield code="d">211861</subfield>
  </datafield>
  <datafield tag="952" ind1=" " ind2=" ">
    <subfield code="0">0</subfield>
    <subfield code="1">0</subfield>
    <subfield code="2">ddc</subfield>
    <subfield code="4">0</subfield>
    <subfield code="7">0</subfield>
    <subfield code="8">KAN</subfield>
    <subfield code="a">AL</subfield>
    <subfield code="b">AL</subfield>
    <subfield code="d">2021-02-24</subfield>
    <subfield code="e">General Annual | Navakarnataka Publication Pvt Ltd Mangalore</subfield>
    <subfield code="g">150.00</subfield>
    <subfield code="l">0</subfield>
    <subfield code="o">T894.8 KESP</subfield>
    <subfield code="p">074675</subfield>
    <subfield code="r">2021-07-19 00:00:00</subfield>
    <subfield code="v">120.00</subfield>
    <subfield code="w">2021-07-19</subfield>
    <subfield code="y">BK</subfield>
  </datafield>
</record>
